The crusader world
| Titel: | The crusader world / edited by Adrian J. Boas |
|---|---|
| Beteiligt: | |
| Ausgabe: | First published |
| Veröffentlicht: | London; New York : Routledge, Taylor & Francis Group, 2016 |
| Umfang: | XXII, 726 Seiten : Illustrationen, Diagramme, Karten |
| Format: | Buch |
| Sprache: | Englisch |
| Schriftenreihe/ mehrbändiges Werk: |
The Routledge worlds |
| RVK-Notation: | |
| ISBN: | 041582494X ; 9780415824941 ; 1315684152 ; 9781315684154 |
| Hinweise zum Inhalt: |
Klappentext
Inhaltsverzeichnis |
alg: 36326987 001A $06057:18-08-15 001B $01999:09-05-25 $t19:15:46.000 001C $00026:05-08-16 $t13:04:49.000 001D $00077:01-08-16 001U $0utf8 001X $00 002@ $0Aau 002C $aText $btxt $2rdacontent 002D $aohne Hilfsmittel zu benutzen $bn $2rdamedia 002E $aBand $bnc $2rdacarrier 003@ $0363269878 003O $0917371547 $aOCoLC 004A $00-415-82494-X $A978-0-415-82494-1 004O $01-315-68415-2 $A978-1-315-68415-4 $So $febk 006B $0GBB597293 007A $0363269878 $aHEB 009P $qapplication/pdf $A2 $3Klappentext $uhttp://scans.hebis.de/HEBCGI/show.pl?36326987_kla.pdf $mV:DE-576;B:DE-21 009P $qapplication/pdf $A2 $3Inhaltsverzeichnis $uhttp://scans.hebis.de/HEBCGI/show.pl?36326987_toc.pdf $mV:DE-576;B:DE-21 010@ $aeng 010E $erda 011@ $a2016 013D $#Beiträge Formschlagwort $#Einzelbeiträge $#Sammelwerk Formschlagwort $74143413-4 $8Aufsatzsammlung [Ts1] $9085562742 021A $aThe @crusader world $hedited by Adrian J. Boas 028C $BHerausgeber $#Boas, Adrian J. $#Boas, Adrian John $#Boʿaz, Adriyan $#Boas, Adrian $#Boas, A. J. $#Boas, A. $4edt $7134036891 $8Boas, Adrian J.$Z1952- [Tp1] $9195673255 032@ $aFirst published 033A $pLondon $pNew York $nRoutledge, Taylor & Francis Group 034D $aXXII, 726 Seiten 034M $aIllustrationen, Diagramme, Karten 036G $aThe @Routledge worlds 037A $aReferences 039U $8--Oou--Demurger, Alain$Z1939- [Tp1]. [Adrian J. Boas (ed.), The Crusader World], 2016 $9466569564 039U $8--Oou--Morton, Nicholas$Z1980- [Tp3]. [Adrian J. Boas (ed.): The crusader world], 2017. - DOI 10.1017/S0022046916001585 $9434605972 041K $aCrusades 044K $RHeiliger Krieg $#Crusades $#Croisades $#Crociate $#Cruzadas $#Kreuzzug $#Kreuzzug $74073802-4 $8Kreuzzüge [Ts1] $9085207802 045B $a909.07 $eDDC23eng 045Z $8NM 7600 [Tkv] $9410894001 lok: 36326987 25 101B $028-06-16 $t07:42:28.000 101C $028-06-16 101U $0utf8 145S/01 $a540zb exp: 36326987 25 1 #EPN 201B/01 $001-08-16 $t16:22:17.000 201C/01 $028-06-16 201U/01 $0utf8 203@/01 $0776669699 208@/01 $a01-08-16 $bzu 209A/01 $a277.489 $du $f000 $x00 209G/01 $a16612654 $x00 209G/01 $aFREIHAND $x01 247C/01 $8651000-0 <77>Mainz, Universität Mainz, Zentralbibliothek $9102599602 lok: 36326987 78 exp: 36326987 78 1 #EPN 201B/01 $003-08-18 $t11:46:12.000 201C/01 $003-08-18 201U/01 $0utf8 203@/01 $01025573765 208@/01 $a03-08-18 $be 209A/01 $a/ $f000 $x00 209A/01 $ab*p $x01 220C/01 $apgar 247C/01 $82080>Marburg/Lahn, Herder-Institut, Forschungsbibliothek, Bibliographieportal $9336309341 lok: 36326987 204 exp: 36326987 204 1 #EPN 201B/01 $015-08-16 $t09:15:50.000 201C/01 $005-07-16 201U/01 $0utf8 203@/01 $077764424X 208@/01 $a15-08-16 $bzUB 209A/01 $a000 NM 7600 B662 $du $f000 $x00 209G/01 $a61984542 $x00 245S/01 $a10000 $x01 247C/01 $8631000-x <26>Gießen, Universität Gießen, Universitätsbibliothek Gießen $9102596697
| LEADER | 00000cam a2200000 c 4500 | ||
|---|---|---|---|
| 001 | 363269878 | ||
| 003 | DE-603 | ||
| 005 | 20250509191546.0 | ||
| 007 | tu | ||
| 008 | 150818s2016 xx |||| | u00||u|eng c | ||
| 020 | |a 041582494X | ||
| 020 | |a 9780415824941 | ||
| 035 | |a (DE-599)HEB363269878 | ||
| 035 | |a (OCoLC)917371547 | ||
| 040 | |a DE-603 |b ger |c DE-603 |d DE-603 |e rda | ||
| 041 | |a eng | ||
| 082 | 7 | |a 909.07 |2 23/eng | |
| 084 | |a NM 7600 |0 (DE-625)126431: |0 (DE-603)410894001 |2 rvk | ||
| 245 | 0 | 0 | |a The crusader world |c edited by Adrian J. Boas |
| 250 | |a First published | ||
| 264 | 1 | |a London |a New York |b Routledge, Taylor & Francis Group |c 2016 | |
| 300 | |a XXII, 726 Seiten |b Illustrationen, Diagramme, Karten | ||
| 336 | |a Text |b txt |2 rdacontent | ||
| 337 | |a ohne Hilfsmittel zu benutzen |b n |2 rdamedia | ||
| 338 | |a Band |b nc |2 rdacarrier | ||
| 490 | 0 | |a The Routledge worlds | |
| 500 | |a References | ||
| 650 | 7 | |a Kreuzzüge |0 (DE-588)4073802-4 |0 (DE-603)085207802 |2 gnd | |
| 655 | 7 | |a Aufsatzsammlung |2 gnd-content |0 (DE-588)4143413-4 |0 (DE-603)085562742 | |
| 700 | 1 | |a Boas, Adrian J. |d 1952- |e Herausgeber |4 edt |0 (DE-603)195673255 |0 (DE-588)134036891 |2 gnd | |
| 776 | 1 | |z 1315684152 | |
| 776 | 1 | |z 9781315684154 | |
| 787 | 0 | 8 | |i Rezensiert in |a Demurger, Alain, 1939- |t [Adrian J. Boas (ed.), The Crusader World] |w (DE-603)466569564 |
| 787 | 0 | 8 | |i Rezensiert in |a Morton, Nicholas, 1980- |t [Adrian J. Boas (ed.): The crusader world] |o 10.1017/S0022046916001585 |w (DE-603)434605972 |
| 856 | 4 | 2 | |m V:DE-576;B:DE-21 |q application/pdf |u http://scans.hebis.de/HEBCGI/show.pl?36326987_kla.pdf |3 Klappentext |
| 856 | 4 | 2 | |m V:DE-576;B:DE-21 |q application/pdf |u http://scans.hebis.de/HEBCGI/show.pl?36326987_toc.pdf |3 Inhaltsverzeichnis |
| 924 | 0 | |9 77 |a (DE-603)776669699 |b DE-77 |c HES |d c |g 277.489 |h FREIHAND | |
| 924 | 0 | |9 2080 |a (DE-603)1025573765 |b DE-2080 |c HES |d d |g / | |
| 924 | 0 | |9 26 |a (DE-603)77764424X |b DE-26 |c HES |d c |g 000 NM 7600 B662 | |


